000 00340nam a2200145Ia 4500
008 191201s2009 xx 000 0 und d
082 _a003.3
_bDES
100 _aDEO, Nar Singh
245 0 _aSystem Simulation with Digital Computer
250 _a22th
260 _aN.Delhi
_bPHI
_c2009
300 _a200
650 _aMCA
942 _2ddc
_cBK
999 _c4186
_d4186